000 00425nam a2200157 i 4500
001 35851
003 ES-MaACL
007 t|
008 030214s1964 xxu ||||1| eng d
100 1 _aBoulle, Pierre.
_930922
245 1 0 _aPlanet of the Apes /
_cPierre Boulle.
250 _a[6th ed.].
260 _a[New York] :
_bThe New American Library,
_c[1964]
300 _a128 p. ;
_c18 cm.
852 _aES-MaACL
_jE-5989
_bR.90614
999 _c35851
_d35851